[Event "Mentese (Women)"]
[Site "Mentese"]
[Date "2019.06.24"]
[Round "2.4"]
[White "Arda, Cagil Irmak"]
[Black "Anacoglu, Cisel"]
[Result "1-0"]
[WhiteElo "2069"]
[BlackElo "1973"]
[PlyCount "117"]
[EventDate "2019.06.24"]
[EventType "schev"]
[EventRounds "10"]
[EventCountry "TUR"]
[SourceTitle "CBM 191 Extra"]
[Source "ChessBase"]
[SourceDate "2019.09.30"]
[SourceVersion "1"]
[SourceVersionDate "2019.09.30"]
[SourceQuality "1"]
[WhiteTeam "Green Team"]
[BlackTeam "White Team"]
[WhiteTeamCountry "TUR"]
[BlackTeamCountry "TUR"]

1. e4 e5 2. Nf3 Nc6 3. Bb5 a6 4. Ba4 Nf6 5. 0-0 Be7 6. Re1 b5 7. Bb3 0-0 8. a4 b4 9. d3 d6 10. h3 h6 11. Nbd2 Na5 12. Ba2 c5 13. Nc4 Nxc4 14. Bxc4 Be6 15. b3 Nd7 16. Nh2 Bg5 17. Bxe6 fxe6 18. Qg4 Qe7 19. Bxg5 hxg5 20. Nf3 Rf4 21. Qxg5 Qf7 22. Re2 Rf8 23. Rf1 Nf6 24. Nh2 Nh7 25. Qg3 Qh5 26. Ng4 Ng5 27. f3 Nf7 28. Qe1 Nh8 29. Ref2 Ng6 30. g3 R4f7 31. Kg2 Ne7 32. Qe2 Kh8 33. Qd2 g5 34. c3 a5 35. Qc1 Rh7 36. Rh1 Nc6 37. h4 bxc3 38. Rff1 gxh4 39. Rxh4 Qg6 40. Rxh7+ Kxh7 41. Rh1+ Kg8 42. Nh6+ Kg7 43. Rh4 Qf6 44. Rg4+ Kh7 45. Nf5 exf5 46. Qh1+ Qh6 47. Rh4 Rf6 48. Rxh6+ Rxh6 49. Qc1 fxe4 50. dxe4 Rf6 51. Qxc3 Rf8 52. Qd2 Rf6 53. f4 Nd4 54. fxe5 dxe5 55. Qxa5 Nxb3 56. Qc7+ Kg6 57. Qxe5 c4 58. Qe8+ Kg7 59. Qb5 1-0

[Event "Marmaris Karya 6th"]
[Site "Marmaris"]
[Date "2019.04.28"]
[Round "9.4"]
[White "Arda, Cagil Irmak"]
[Black "Sibashvili, Giorgi"]
[Result "1/2-1/2"]
[WhiteElo "2070"]
[BlackElo "2398"]
[PlyCount "85"]
[EventDate "2019.04.24"]
[EventType "schev"]
[EventRounds "10"]
[EventCountry "TUR"]
[SourceTitle "CBM 190 Extra"]
[Source "ChessBase"]
[SourceDate "2019.07.15"]
[SourceVersion "1"]
[SourceVersionDate "2019.07.15"]
[SourceQuality "1"]
[WhiteTeam "Blue Team"]
[BlackTeam "Red Team"]
[WhiteTeamCountry "TUR"]
[BlackTeamCountry "TUR"]

1. e4 e6 2. d4 d5 3. Nd2 c5 4. exd5 Qxd5 5. Ngf3 cxd4 6. Bc4 Qd8 7. 0-0 Nc6 8. Nb3 a6 9. Nbxd4 Nxd4 10. Nxd4 Qc7 11. Bb3 Bd6 12. Qh5 Nf6 13. Qh4 Bd7 14. Bg5 h6 15. Bxf6 gxf6 16. Qxf6 Bxh2+ 17. Kh1 Qe5 18. Qh4 Bf4 19. Nf3 Qf5 20. Rad1 Rg8 21. Rd3 Qg4 22. Qxg4 Rxg4 23. g3 Bc7 24. Re1 Bc6 25. Kg1 Rd8 26. Rxd8+ Kxd8 27. Ne5 Bxe5 28. Rxe5 Rd4 29. f4 Rd2 30. Kf1 Rg2 31. Re3 b5 32. Rc3 Bb7 33. a4 b4 34. Rd3+ Kc7 35. a5 h5 36. Ba4 Kc8 37. Bd7+ Kc7 38. Ba4 Kc8 39. Bd7+ Kb8 40. Ba4 Kc8 41. Bd7+ Kb8 42. Ba4 Kc8 43. Bd7+ 1/2-1/2

[Event "Marmaris Cleopatra (Women)"]
[Site "Marmaris"]
[Date "2018.10.29"]
[Round "8.3"]
[White "Tereladze, Sopiko"]
[Black "Arda, Cagil Irmak"]
[Result "1/2-1/2"]
[WhiteElo "2161"]
[BlackElo "2096"]
[PlyCount "65"]
[EventDate "2018.10.26"]
[EventType "schev"]
[EventRounds "10"]
[EventCountry "TUR"]
[SourceTitle "CBM 187 Extra"]
[Source "ChessBase"]
[SourceDate "2018.11.04"]
[SourceVersion "1"]
[SourceVersionDate "2018.11.04"]
[SourceQuality "1"]

1. d4 Nf6 2. Nf3 d5 3. Bf4 c5 4. e3 Nc6 5. Nc3 Bg4 6. Be2 e6 7. 0-0 Be7 8. Ne5 cxd4 9. exd4 Bxe2 10. Nxe2 Rc8 11. c3 0-0 12. Ng3 b5 13. a3 a5 14. Re1 g6 15. Bh6 Re8 16. Qe2 Qb6 17. Nxf7 Nxd4 18. cxd4 Kxf7 19. Rad1 Rc6 20. Nf1 Kg8 21. Ne3 Bf8 22. Bxf8 Rxf8 23. Ng4 Nxg4 24. Qxg4 Rf5 25. Re2 Qc7 26. h3 Qf4 27. Qxf4 Rxf4 28. Rd3 b4 29. g3 Rf8 30. Kg2 Rb8 31. axb4 axb4 32. Kf3 Rf8+ 33. Ke3 1/2-1/2

[Event "Olympiad Women-43"]
[Site "Batumi"]
[Date "2018.09.28"]
[Round "5.5"]
[White "Arda, Cagil Irmak"]
[Black "Khukhashvili, Sopiko"]
[Result "0-1"]
[WhiteElo "2096"]
[BlackElo "2301"]
[PlyCount "92"]
[EventDate "2018.09.24"]
[EventType "team-swiss"]
[EventRounds "11"]
[EventCountry "GEO"]
[SourceTitle "EXT 2020"]
[Source "ChessBase"]
[SourceDate "2019.10.17"]
[SourceVersion "1"]
[SourceVersionDate "2019.10.17"]
[SourceQuality "1"]
[WhiteTeam "Turkey (W)"]
[BlackTeam "Georgia (W) II"]
[WhiteTeamCountry "TUR"]
[BlackTeamCountry "GEO"]

1. e4 c5 2. Nf3 d6 3. Bb5+ Nd7 4. 0-0 a6 5. Bd3 Ngf6 6. Re1 e6 7. c3 b5 8. Bc2 c4 9. d4 cxd3 10. Bxd3 Bb7 11. a4 bxa4 12. Qxa4 Qc7 13. Nbd2 Be7 14. Qa5 Qc8 15. c4 0-0 16. b3 Nc5 17. Bc2 e5 18. Ba3 Bd8 19. Qc3 Bb6 20. h3 Nh5 21. Nh4 g6 22. b4 Ne6 23. Nb3 Nef4 24. g4 Qd8 25. Ng2 Nxg2 26. Kxg2 Nf4+ 27. Kf1 Qh4 28. Qg3 Qf6 29. c5 dxc5 30. bxc5 Rfc8 31. Rab1 Bc6 32. Bd1 Bb5+ 33. Kg1 Bd8 34. Re3 Be7 35. Rc1 a5 36. Nd2 Rd8 37. Nf1 Rac8 38. Qf3 Qa6 39. Nh2 Rd2 40. Kh1 Bf1 41. Kg1 Nxh3+ 42. Kh1 Nxf2+ 43. Kg1 Nh3+ 44. Kh1 Bg2+ 45. Qxg2 Rxg2 46. Kxg2 Bg5 0-1

[Event "Marmaris Karya 1st"]
[Site "Marmaris"]
[Date "2018.06.29"]
[Round "9.4"]
[White "Arda, Cagil Irmak"]
[Black "Benidze, Davit"]
[Result "0-1"]
[WhiteElo "2257"]
[BlackElo "2487"]
[PlyCount "112"]
[EventDate "2018.06.25"]
[EventType "schev"]
[EventRounds "10"]
[EventCountry "TUR"]
[SourceTitle "CBM 185 Extra"]
[Source "ChessBase"]
[SourceDate "2018.07.29"]
[SourceVersion "1"]
[SourceVersionDate "2018.07.29"]
[SourceQuality "1"]

1. e4 c6 2. d4 g6 3. Nc3 Bg7 4. h3 d6 5. Nf3 Nf6 6. Be3 0-0 7. Qd2 Nbd7 8. e5 dxe5 9. dxe5 Nd5 10. Nxd5 cxd5 11. Bh6 Qc7 12. Bxg7 Kxg7 13. Qxd5 Qxc2 14. Qd2 Qxd2+ 15. Kxd2 Rd8 16. Ke3 Nb6 17. Kf4 Be6 18. Be2 Rac8 19. Rhd1 Rxd1 20. Bxd1 Rc4+ 21. Kg3 Rc5 22. Bb3 Bxb3 23. axb3 a5 24. Rd1 Rb5 25. Rd3 e6 26. Rc3 Nd5 27. Rd3 Rc5 28. Nd2 Nb4 29. Re3 b5 30. Nf3 Rd5 31. Re4 Nc6 32. Re2 h6 33. h4 Kf8 34. Kf4 Nb4 35. Ke4 Nd3 36. Rd2 Nc5+ 37. Ke3 Nxb3 38. Rxd5 exd5 39. Nd4 Nxd4 40. Kxd4 b4 41. Kxd5 a4 42. Kc4 a3 43. bxa3 bxa3 44. Kb3 Ke7 45. Kxa3 Ke6 46. Kb4 Kxe5 47. Kc5 f5 48. h5 gxh5 49. Kc4 Ke4 50. Kc3 h4 51. Kd2 h3 52. gxh3 Kf3 53. Ke1 Kg2 54. Ke2 f4 55. f3 Kxh3 56. Kf2 Kh2 0-1

[Event "Marmaris Karya 1st"]
[Site "Marmaris"]
[Date "2018.06.29"]
[Round "10.4"]
[White "Bagaturov, Giorgi"]
[Black "Arda, Cagil Irmak"]
[Result "1-0"]
[WhiteElo "2397"]
[BlackElo "2257"]
[PlyCount "53"]
[EventDate "2018.06.25"]
[EventType "schev"]
[EventRounds "10"]
[EventCountry "TUR"]
[SourceTitle "CBM 185 Extra"]
[Source "ChessBase"]
[SourceDate "2018.07.29"]
[SourceVersion "1"]
[SourceVersionDate "2018.07.29"]
[SourceQuality "1"]

1. d4 Nf6 2. c4 e6 3. Nc3 Bb4 4. e3 0-0 5. Nge2 c6 6. a3 Ba5 7. b4 Bc7 8. e4 d5 9. e5 Nfd7 10. Nf4 dxc4 11. Bxc4 Nb6 12. Bb3 Nd5 13. Ncxd5 exd5 14. Bc2 Qe7 15. 0-0 Re8 16. Nh5 Qh4 17. h3 Bb6 18. Be3 Na6 19. f4 Nc7 20. Bf2 Qd8 21. Qd3 f5 22. exf6 g6 23. Qg3 Kf7 24. Rae1 Rg8 25. Re7+ Kf8 26. Qg5 Ne6 27. Qh6+ 1-0

[Event "Marmaris Karya 1st"]
[Site "Marmaris"]
[Date "2018.06.26"]
[Round "4.4"]
[White "Benidze, Davit"]
[Black "Arda, Cagil Irmak"]
[Result "1-0"]
[WhiteElo "2487"]
[BlackElo "2257"]
[PlyCount "51"]
[EventDate "2018.06.25"]
[EventType "schev"]
[EventRounds "10"]
[EventCountry "TUR"]
[SourceTitle "CBM 185 Extra"]
[Source "ChessBase"]
[SourceDate "2018.07.29"]
[SourceVersion "1"]
[SourceVersionDate "2018.07.29"]
[SourceQuality "1"]

1. Nf3 Nf6 2. g3 d5 3. Bg2 c5 4. 0-0 Nc6 5. d3 e6 6. Nbd2 Be7 7. e4 Qc7 8. Re1 b6 9. Nf1 Bb7 10. Bf4 Qd8 11. e5 Nd7 12. h4 h6 13. h5 Qc7 14. Ne3 Nd4 15. Nxd4 cxd4 16. Nxd5 Bxd5 17. Bxd5 exd5 18. e6 Bd6 19. exd7+ Kf8 20. Bxd6+ Qxd6 21. Qg4 g5 22. Re8+ Kg7 23. Qxd4+ f6 24. Rae1 Kf7 25. R1e7+ Qxe7 26. Qxd5+ 1-0

[Event "Marmaris Karya 1st"]
[Site "Marmaris"]
[Date "2018.06.25"]
[Round "1.4"]
[White "Arda, Cagil Irmak"]
[Black "Bivol, Alina"]
[Result "0-1"]
[WhiteElo "2257"]
[BlackElo "2365"]
[PlyCount "90"]
[EventDate "2018.06.25"]
[EventType "schev"]
[EventRounds "10"]
[EventCountry "TUR"]
[SourceTitle "CBM 185 Extra"]
[Source "ChessBase"]
[SourceDate "2018.07.29"]
[SourceVersion "1"]
[SourceVersionDate "2018.07.29"]
[SourceQuality "1"]

1. e4 e6 2. g3 d5 3. Bg2 dxe4 4. Nc3 Bd7 5. Bxe4 Bc6 6. Nf3 Nf6 7. Bxc6+ Nxc6 8. d4 Bb4 9. 0-0 Bxc3 10. bxc3 Qd5 11. Qd3 h6 12. Bf4 0-0-0 13. Rfb1 a6 14. c4 Qe4 15. Qxe4 Nxe4 16. Re1 Nxd4 17. Nxd4 Rxd4 18. Be5 Rxc4 19. Bxg7 Rh7 20. Be5 f5 21. Re2 h5 22. f3 Nc5 23. h4 Re7 24. Rae1 Ra4 25. c3 Nd3 26. Bf6 Rf7 27. Rd1 Rxf6 28. Rxd3 f4 29. Red2 b6 30. g4 hxg4 31. fxg4 e5 32. g5 Rg6 33. Rd5 f3 34. Rh2 Re6 35. Rd3 Rg4+ 36. Kf2 e4 37. Rd4 Rc6 38. c4 Re6 39. Ke3 Rg1 40. Kf2 Rc1 41. Ke3 Rc3+ 42. Kf4 e3 43. Rd1 f2 44. g6 e2 45. g7 Re8 0-1

[Event "EU-ch (Women) 19th"]
[Site "Stary Smokovec"]
[Date "2018.04.12"]
[Round "5"]
[White "Arda, Cagil Irmak"]
[Black "Zpevakova, Jana"]
[Result "1-0"]
[WhiteElo "2199"]
[BlackElo "2106"]
[PlyCount "125"]
[EventDate "2018.04.08"]
[EventType "swiss"]
[EventRounds "11"]
[EventCountry "SVK"]
[SourceTitle "CBM 184 Extra"]
[Source "ChessBase"]
[SourceDate "2018.06.28"]
[SourceVersion "1"]
[SourceVersionDate "2018.06.28"]
[SourceQuality "1"]

1. d4 d5 2. Nf3 Nf6 3. c4 e6 4. Nc3 dxc4 5. e3 a6 6. Bxc4 b5 7. Be2 Bb7 8. Qc2 Nbd7 9. 0-0 c5 10. a3 Bd6 11. dxc5 Nxc5 12. b4 Nce4 13. Bb2 Rc8 14. Qb3 0-0 15. Rac1 Qe7 16. Qa2 Nxc3 17. Bxc3 e5 18. Qb2 Rfe8 19. Rfd1 Nd5 20. Be1 Qf6 21. Nd2 Qg6 22. Bf3 Rxc1 23. Rxc1 e4 24. Bd1 Be5 25. Qb3 Nf6 26. Qa2 Bd6 27. Nf1 h5 28. Bc3 Ng4 29. Bb3 Ne5 30. Bxe5 Rxe5 31. Rd1 Be7 32. Rd7 Bc8 33. Ra7 Kh7 34. Rc7 Bg4 35. Bxf7 Qg5 36. Bb3 h4 37. Bg8+ Kh6 38. Rc6+ Bf6 39. Be6 Bf3 40. Bh3 Qg6 41. Rc8 Bh5 42. Rh8+ Kg5 43. Qd2 Qf7 44. f4+ exf3 45. e4+ Kg6 46. Bf5+ Rxf5 47. exf5+ Kxf5 48. Qd3+ Ke6 49. Qb3+ Kd6 50. Qxf7 Bd4+ 51. Kh1 fxg2+ 52. Kxg2 Bxf7 53. Nd2 Bd5+ 54. Kf1 Bf6 55. Ke2 g5 56. Rh7 g4 57. Ra7 g3 58. Rxa6+ Ke5 59. hxg3 h3 60. Nf3+ Kf5 61. g4+ Kg6 62. g5 h2 63. Rxf6+ 1-0

[Event "EU-ch (Women) 19th"]
[Site "Stary Smokovec"]
[Date "2018.04.11"]
[Round "4"]
[White "Pogonina, Natalija"]
[Black "Arda, Cagil Irmak"]
[Result "1-0"]
[WhiteElo "2474"]
[BlackElo "2199"]
[PlyCount "93"]
[EventDate "2018.04.08"]
[EventType "swiss"]
[EventRounds "11"]
[EventCountry "SVK"]
[SourceTitle "CBM 184 Extra"]
[Source "ChessBase"]
[SourceDate "2018.06.28"]
[SourceVersion "1"]
[SourceVersionDate "2018.06.28"]
[SourceQuality "1"]

1. d4 Nf6 2. c4 e6 3. g3 d5 4. Nf3 dxc4 5. Bg2 Bd7 6. Ne5 Bc6 7. Nxc6 Nxc6 8. e3 Qd7 9. 0-0 Rd8 10. Nc3 a6 11. Qe2 b5 12. a4 Nb4 13. axb5 axb5 14. Ra7 Nbd5 15. e4 Nxc3 16. bxc3 Be7 17. Bf4 Rc8 18. Rb1 0-0 19. Rb7 b4 20. Qxc4 bxc3 21. h3 Rfd8 22. Be3 Qe8 23. Qxc3 c6 24. Qc4 Bf8 25. Kh2 Nd7 26. Bg5 Be7 27. Bxe7 Qxe7 28. Ra1 Qe8 29. Raa7 Nf6 30. Re7 Qf8 31. f4 Re8 32. Reb7 c5 33. Rxf7 Qxf7 34. Rxf7 Kxf7 35. dxc5 Kf8 36. g4 e5 37. fxe5 Rxe5 38. c6 Rc7 39. Qd4 Ree7 40. e5 Ne8 41. h4 g6 42. h5 gxh5 43. gxh5 h6 44. Bd5 Rh7 45. Qb4+ Rce7 46. Qf4+ Kg7 47. Qg4+ 1-0

[Event "Wch U20 Girls 35th"]
[Site "Tarvisio"]
[Date "2017.11.15"]
[Round "3"]
[White "Arda, Cagil Irmak"]
[Black "February, Jesse Nikki"]
[Result "1-0"]
[WhiteElo "2139"]
[BlackElo "1874"]
[PlyCount "87"]
[EventDate "2017.11.13"]
[EventType "swiss"]
[EventRounds "11"]
[EventCountry "ITA"]
[SourceTitle "CBM 181 Extra"]
[Source "ChessBase"]
[SourceDate "2017.12.12"]
[SourceVersion "1"]
[SourceVersionDate "2017.12.12"]
[SourceQuality "1"]

1. e4 e6 2. d4 d5 3. Nd2 Nf6 4. e5 Nfd7 5. Bd3 c5 6. c3 Nc6 7. Ne2 cxd4 8. cxd4 f6 9. exf6 Nxf6 10. Nf3 Bd6 11. 0-0 0-0 12. Bf4 Bxf4 13. Nxf4 Ne4 14. Ne2 Rxf3 15. gxf3 Ng5 16. Kh1 e5 17. Qb3 Kh8 18. Bc2 Qf6 19. dxe5 Qxe5 20. f4 Qxe2 21. fxg5 Nd4 22. Qd3 Qxc2 23. Qxd4 Bh3 24. Rg1 Rf8 25. Rg3 Bf5 26. f3 Re8 27. Rg2 Qc4 28. Qxc4 dxc4 29. Rgg1 Kg8 30. Rge1 Be6 31. Re5 Kf7 32. Rae1 g6 33. Kg2 Bd7 34. Rxe8 Bxe8 35. Re5 Bd7 36. Rc5 b5 37. Rc7 Ke6 38. Rxa7 Kd6 39. Kf2 Bc6 40. Ke3 Kc5 41. Rxh7 b4 42. Rc7 Kb6 43. Rxc6+ Kxc6 44. Kd4 1-0

[Event "Wch U20 Girls 35th"]
[Site "Tarvisio"]
[Date "2017.11.14"]
[Round "2"]
[White "Vaishali, Ramesh Babu"]
[Black "Arda, Cagil Irmak"]
[Result "1-0"]
[WhiteElo "2325"]
[BlackElo "2139"]
[PlyCount "95"]
[EventDate "2017.11.13"]
[EventType "swiss"]
[EventRounds "11"]
[EventCountry "ITA"]
[SourceTitle "CBM 181 Extra"]
[Source "ChessBase"]
[SourceDate "2017.12.12"]
[SourceVersion "1"]
[SourceVersionDate "2017.12.12"]
[SourceQuality "1"]

1. Nf3 Nf6 2. g3 b6 3. Bg2 Bb7 4. 0-0 e6 5. c4 c5 6. Nc3 Be7 7. b3 0-0 8. Bb2 Qc8 9. d4 cxd4 10. Qxd4 Nc6 11. Qf4 Qb8 12. Rfd1 Qxf4 13. gxf4 Na5 14. Nb5 d5 15. Ne5 a6 16. Nd4 g6 17. Bc3 Rac8 18. Bxa5 bxa5 19. Rac1 Ba3 20. Rc2 Bc5 21. e3 Rfd8 22. Nd3 Ne4 23. Nxc5 Rxc5 24. Nxe6 fxe6 25. Bxe4 Rdc8 26. Bd3 R8c7 27. Kf1 Kf7 28. Be2 Ke7 29. Rd4 dxc4 30. Bxc4 Rh5 31. Ke2 Rxh2 32. Rcd2 Rh3 33. e4 Bc8 34. Rd6 e5 35. fxe5 Bg4+ 36. Kf1 Rh5 37. f4 Rh3 38. Rf6 Ke8 39. e6 Rc5 40. e5 g5 41. Rf7 Rf3+ 42. Kg2 Rxf4 43. Rfd7 Rxe5 44. Rd8+ Ke7 45. R2d7+ Kf6 46. Rf7+ Kg6 47. Rg8+ Kh6 48. Rxf4 1-0

[Event "EU-chT (Women) 21st"]
[Site "Heraklion"]
[Date "2017.11.06"]
[Round "9.4"]
[White "Osmak, Iulija"]
[Black "Arda, Cagil Irmak"]
[Result "1-0"]
[WhiteElo "2339"]
[BlackElo "2040"]
[PlyCount "73"]
[EventDate "2017.10.28"]
[EventType "team-swiss"]
[EventRounds "9"]
[EventCountry "GRE"]
[SourceTitle "CBM 181 Extra"]
[Source "ChessBase"]
[SourceDate "2017.12.12"]
[SourceVersion "1"]
[SourceVersionDate "2017.12.12"]
[SourceQuality "1"]
[WhiteTeam "Ukraine (W)"]
[BlackTeam "Turkey (W)"]
[WhiteTeamCountry "UKR"]
[BlackTeamCountry "TUR"]

1. d4 Nf6 2. Bg5 d5 3. Nd2 c5 4. dxc5 e6 5. e3 Bxc5 6. Ngf3 Nc6 7. Bd3 Be7 8. 0-0 0-0 9. c4 a6 10. Rc1 Nb4 11. Bb1 dxc4 12. Rxc4 Nbd5 13. e4 Nb6 14. Rd4 Nfd7 15. Bxe7 Qxe7 16. e5 Nd5 17. Ne4 b5 18. Qd3 g6 19. Qd2 Kg7 20. Ng3 h5 21. Re1 Rh8 22. Ne4 Bb7 23. a3 Rad8 24. Ba2 Ba8 25. Qa5 Nb8 26. Rdd1 Nf4 27. Rd6 Nd3 28. Re3 Nxe5 29. Qc3 f6 30. Rxe6 Rd1+ 31. Ne1 Qb7 32. Rxe5 fxe5 33. Qxe5+ Kh7 34. Ng5+ Kh6 35. Qxh8+ Kxg5 36. h4+ Kg4 37. Be6+ 1-0

[Event "EU-Cup (Women) 22nd"]
[Site "Antalya"]
[Date "2017.10.14"]
[Round "7.4"]
[White "Arda, Cagil Irmak"]
[Black "Sade, Defne"]
[Result "1/2-1/2"]
[WhiteElo "2040"]
[BlackElo "1951"]
[PlyCount "69"]
[EventDate "2017.10.08"]
[EventType "team-swiss"]
[EventRounds "7"]
[EventCountry "TUR"]
[SourceTitle "CBM 181 Extra"]
[Source "ChessBase"]
[SourceDate "2017.12.12"]
[SourceVersion "1"]
[SourceVersionDate "2017.12.12"]
[SourceQuality "1"]
[WhiteTeam "Anatolia (W)"]
[BlackTeam "Aegean (W)"]
[WhiteTeamCountry "TUR"]
[BlackTeamCountry "TUR"]

1. e4 e5 2. Nf3 Nc6 3. Bc4 Bc5 4. d3 Nf6 5. 0-0 d6 6. c3 a6 7. a4 Ba7 8. h3 h6 9. Re1 0-0 10. b4 Be6 11. Bxe6 fxe6 12. Nbd2 Nh5 13. Nf1 Qf6 14. Be3 Ne7 15. Ra2 Ng6 16. Bxa7 Rxa7 17. Re3 Nhf4 18. Kh2 d5 19. g3 d4 20. cxd4 exd4 21. e5 Qf5 22. g4 Qf7 23. Nxd4 Qd7 24. Re4 Nxe5 25. Qb3 Qd6 26. Ng3 Kh8 27. Rc2 Raa8 28. Qc3 Nfxd3 29. Nxe6 Qxe6 30. Qxd3 Nxd3 31. Rxe6 Nxb4 32. Rxc7 Rxf2+ 33. Kg1 Ra2 34. Rxb7 Nd5 35. Re4 1/2-1/2

[Event "TUR-chT"]
[Site "Kocaeli"]
[Date "2017.08.04"]
[Round "11.3"]
[White "Arda, Cagil Irmak"]
[Black "Incecik, Seyma Zeynep"]
[Result "1-0"]
[WhiteElo "2080"]
[BlackElo "1804"]
[PlyCount "61"]
[EventDate "2017.07.26"]
[EventType "team-tourn"]
[EventRounds "13"]
[EventCountry "TUR"]
[SourceTitle "CBM 179 Extra"]
[Source "ChessBase"]
[SourceDate "2017.08.23"]
[SourceVersion "1"]
[SourceVersionDate "2017.08.23"]
[SourceQuality "1"]
[WhiteTeam "Istanbul Besiktas"]
[BlackTeam "Istanbul Turk Hava"]
[WhiteTeamCountry "TUR"]
[BlackTeamCountry "TUR"]

1. e4 d5 2. exd5 Qxd5 3. Nc3 Qa5 4. d4 c6 5. Bc4 Nf6 6. Bd2 Bf5 7. Nf3 e6 8. Qe2 Bb4 9. 0-0-0 Nbd7 10. Ne5 Nxe5 11. dxe5 Nd5 12. Bxd5 exd5 13. g4 Bd7 14. a3 Be7 15. Be1 Bg5+ 16. Kb1 Qc7 17. Rd4 Be7 18. f4 Qb6 19. Bf2 Bxa3 20. Na4 Qb5 21. Qxb5 cxb5 22. bxa3 bxa4 23. f5 h5 24. Re1 hxg4 25. e6 fxe6 26. fxe6 Bc6 27. Rxg4 Rh7 28. Rf4 0-0-0 29. Bg3 Re8 30. Rf7 b6 31. Rc7+ 1-0

[Event "Paracin Summer op-A 10th"]
[Site "Paracin"]
[Date "2017.07.11"]
[Round "6.46"]
[White "Velikic, Adela"]
[Black "Arda, Cagil Irmak"]
[Result "0-1"]
[WhiteElo "2256"]
[BlackElo "2080"]
[PlyCount "77"]
[EventDate "2017.07.07"]
[EventType "swiss"]
[EventRounds "9"]
[EventCountry "SRB"]
[SourceTitle "EXT 2018"]
[Source "ChessBase"]
[SourceDate "2017.10.13"]
[SourceVersion "1"]
[SourceVersionDate "2017.10.13"]
[SourceQuality "1"]

1. d4 Nf6 2. Bg5 d5 3. Nf3 Nbd7 4. c4 e6 5. e3 Be7 6. Nc3 c6 7. Bd3 0-0 8. 0-0 h6 9. Bh4 dxc4 10. Bxc4 b5 11. Bd3 a6 12. Rc1 Bb7 13. Bxf6 Nxf6 14. Ne4 Nd7 15. Bb1 f5 16. Nc5 Bxc5 17. dxc5 e5 18. a3 Bc8 19. Ba2+ Kh8 20. Qc2 e4 21. Nd4 Ne5 22. Rcd1 Qf6 23. Ne2 Qh4 24. Nf4 Kh7 25. Qe2 Ra7 26. Rd6 Bd7 27. Rfd1 Be8 28. g3 Qe7 29. Kg2 g5 30. Ne6 Rf6 31. Nd4 Nd3 32. Be6 Qf8 33. Rxd3 exd3 34. Qxd3 Re7 35. Qc2 Bg6 36. Qc3 f4 37. exf4 gxf4 38. Ne2 f3+ 39. Kh3 0-1